|
|
|
|
| LEADER |
01311nam a22002651a 4500 |
| 001 |
c000187712 |
| 003 |
CARM |
| 005 |
19960704000000.0 |
| 008 |
870216s1971 inua 000 0 eng d |
| 019 |
1 |
|
|a 12528184
|5 LACONCORD2021
|
| 035 |
|
|
|a (OCoLC)35500070
|5 LACONCORD2021
|
| 040 |
|
|
|a QU
|b eng
|c QU
|
| 050 |
0 |
0 |
|a GB651
|b .I7
|
| 111 |
2 |
|
|a International Seminar for Hydrology Professors
|n (3rd :,
|d 1971 :
|c Purdue University)
|
| 245 |
1 |
0 |
|a Biological effects in the hydrological cycle :
|b Proceedings ... A National Science Foundation Advanced Science Seminar held at Purdue University, West Lafayette, Indiana, U.S.A. July 18-30, 1971 /
|c edited by E.J. Monke.
|
| 260 |
|
|
|a West Lafayette :
|b Department of Agricultural Engineering, Agricultural Experimental Station, Purdue University,
|c 1971.
|
| 300 |
|
|
|a 391p :
|b ill ;
|c 23cm.
|
| 500 |
|
|
|a A United States contribution to the International Hydrological Decade.
|
| 504 |
|
|
|a Includes bibliography.
|
| 650 |
|
0 |
|a Hydrology
|x Congresses.
|
| 650 |
|
0 |
|a International Hydrological Decade, 1965-1974.
|
| 700 |
1 |
|
|a Monke, E. J.
|
| 852 |
8 |
|
|b CARM
|h A2:AL37B0
|i B05635
|p 0252255
|f BK
|
| 999 |
f |
f |
|i b96fb58a-9d3a-59f4-a01a-3e96d4fc3cc3
|s e5c1855a-7b12-502d-8250-00387035f0b5
|
| 952 |
f |
f |
|p Can circulate
|a CAVAL
|b CAVAL
|c CAVAL
|d CARM 1 Store
|e B05635
|f A2:AL37B0
|h Other scheme
|i book
|m 0252255
|